Les sites internet les plus visités en France en 2022 - Statistiques

Statistiques générales
  • Ce quiz a été pris 255 fois
  • Le résultat moyen est 8 sur 20
Statistiques - réponses
Classement Réponse (avec extension) % Correct
1 google.com
93%
5 google.fr
93%
18 pornhub.com
78%
3 youtube.com
78%
15 instagram.com
76%
2 facebook.com
75%
14 twitter.com
65%
6 amazon.fr
61%
4 wikipedia.org
37%
9 yahoo.com
37%
8 leboncoin.fr
33%
19 lemonde.fr
14%
11 lefigaro.fr
10%
10 francetvinfo.fr
7%
20 bfmtv.com
6%
12 live.com
4%
13 ouest-france.fr
4%
17 leparisien.fr
3%
7 orange.fr
2%
16 programme-tv.net
1%
Aucun quiz correspondant
Distribution des résultats
% des personnes avec chaque résultat
Percentile par nombre de réponses
Votre historique - résultats
Vous n’avez pas pris ce quiz